| 000 | 00692nam a2200193 4500 | ||
|---|---|---|---|
| 001 | 111098 | ||
| 003 | ES-MaACL | ||
| 005 | 20230906185235.0 | ||
| 007 | t| | ||
| 008 | 061121s1965 sp r ||||1| spa d | ||
| 100 | 1 |
_aNagle, Raymond J. _984846 |
|
| 245 | 1 | 0 |
_aPrótesis dental _b: dentaduras completas / _cRaymond J. Nagle y Víctor H. Sears ; con la colaboración de Sidney I. Silverman ; versión Mariano Sanz Martin. |
| 260 |
_aBarcelona : _bToray, _c1965. |
||
| 300 |
_aXVI, 543 p. con 32 lám : _bil ; _c25 cm. |
||
| 700 | 1 |
_aSears, Víctor H. _9104997 |
|
| 700 | 1 |
_aSilverman, Sidney I. _9106435 |
|
| 700 | 1 |
_aSanz Martín, Mariano. _9103662 |
|
| 852 |
_aES-MaACL _jC-29046 _bR.59492 |
||
| 999 |
_c111098 _d111098 |
||